|
|
|
|
| LEADER |
00000nam0a2200000 4500 |
| 001 |
31789 |
| 005 |
20231030204613.0 |
| 010 |
|
|
|a 5282016885
|
| 035 |
|
|
|a (RuTPU)RU\TPU\book\32082
|
| 035 |
|
|
|a BOOK00000161
|
| 090 |
|
|
|a 31789
|
| 100 |
|
|
|a 20011210d1993 km y0rusy50 ca
|
| 101 |
0 |
|
|a rus
|
| 102 |
|
|
|a RU
|
| 105 |
|
|
|a y f 001zy
|
| 200 |
1 |
|
|a Звездный путь
|e энциклопедия мудрости
|f сост.: Б. Минин
|
| 210 |
|
|
|a Москва
|c Экономика
|d 1993
|
| 215 |
|
|
|a 447 с.
|
| 320 |
|
|
|a Имен. указ.: с. 435 - 447
|
| 610 |
1 |
|
|a медицина
|
| 610 |
1 |
|
|a здоровье
|
| 610 |
1 |
|
|a йога
|
| 610 |
1 |
|
|a дыхание
|
| 610 |
1 |
|
|a питание
|
| 610 |
1 |
|
|a движения
|
| 610 |
1 |
|
|a духовное здоровье
|
| 610 |
1 |
|
|a творческое здоровье
|
| 610 |
1 |
|
|a мистика
|
| 610 |
1 |
|
|a энциклопедии
|
| 675 |
|
|
|a 615.8
|v 3
|
| 702 |
|
1 |
|a Минин
|b Б.
|g Борис
|4 220
|
| 801 |
|
0 |
|a RU
|b 63413507
|c 20011210
|g PSBO
|
| 801 |
|
2 |
|a RU
|b 63413507
|c 20120705
|g PSBO
|
| 942 |
|
|
|c BK
|